| 000 | 00944nam a2200217 i 4500 | ||
|---|---|---|---|
| 001 | 184292 | ||
| 003 | ES-MaACL | ||
| 005 | 20250825214713.0 | ||
| 008 | 150612s1886 sp |||| | spa d | ||
| 100 | 1 |
_aFerrán y Clúa, Jaime. _950249 |
|
| 245 | 1 | 3 |
_aLa inoculación preventiva contra el cólera morbo asiático / _cpor J. Ferrán ; con la colaboración de los Dres. Gimeno y Paulí. |
| 260 |
_aValencia : _bImp. y Librería de Ramón Ortega, _c1886. |
||
| 300 |
_a337 p. ; _c24 cm. |
||
| 530 | _aDisponible en formato digital. | ||
| 650 |
_aCólera- _xVacunación. _9170625 |
||
| 700 | 1 |
_aGimeno, Amalio, _d1850-1936 _957076 |
|
| 700 | 1 |
_aPaulí I Galceran, Inocent ( _d1854-1921) _9157012 |
|
| 852 |
_aES-MaACL _jT-835-F-2 _z.- Enc. en un vol. facticio conservando la enc. original _z.- Ded. ms. de los autores |
||
| 856 |
_uhttp://bdh-rd.bne.es/viewer.vm?id=0000117787&page=1 _zBiblioteca Digital Hispánica |
||
| 999 |
_c184292 _d184292 |
||